Head First Android Development (Record no. 347592)

MARC details
000 -LEADER
fixed length control field 00479nam a2200181Ia 4500
008 - FIXED-LENGTH DATA ELEMENTS--GENERAL INFORMATION
fixed length control field 230718s9999 xx 000 0 und d
020 ## - INTERNATIONAL STANDARD BOOK NUMBER
International Standard Book Number 9789352136063
041 ## - LANGUAGE CODE
Language code of text/sound track or separate title eng
082 ## - DEWEY DECIMAL CLASSIFICATION NUMBER
Classification number 005.1
Item number GRI
100 ## - MAIN ENTRY--PERSONAL NAME
Personal name Griffiths D.
9 (RLIN) 171221
245 ## - TITLE STATEMENT
Title Head First Android Development
250 ## - EDITION STATEMENT
Edition statement 2nd ed.
260 ## - PUBLICATION, DISTRIBUTION, ETC. (IMPRINT)
Date of publication, distribution, etc. 2018
Name of publisher, distributor, etc. SPD/O'Reilly
300 ## - PHYSICAL DESCRIPTION
Extent 887
365 ## - TRADE PRICE
Currency code Rs.
Price amount 1200.00
700 ## - ADDED ENTRY--PERSONAL NAME
Personal name Griffiths D.
9 (RLIN) 171221
906 ## - LOCAL DATA ELEMENT F, LDF (RLIN)
d O:0596712-Jul-2018B:IN20305-Jul-2018
c TC
b 7650
Holdings
Withdrawn status Lost status Damaged status Not for loan Home library Current library Date acquired Vendor Budget Code Cost, normal purchase price Bill number Total Checkouts Full call number Barcode Date last seen Date last checked out Discount Cost, replacement price Bill Date Koha item type Original Barcode
        Cummins College of Engineering for Women Pune Cummins College of Engineering for Women Pune 12/07/2018 Pradeep Book Distributors TC 894.00 IN203 1 005.1 CCEP-BK-58799 10/09/2024 29/08/2024 7650 1200.00 05/07/2018 Books 058799